|
|
|
|
| LEADER |
00000cam a2200000 a 4500 |
| 001 |
vtls001293698 |
| 003 |
SK-MaSNL |
| 005 |
20260301113609.0 |
| 008 |
230501s1970 xo o gr 00000 slo |
| 015 |
|
|
|a SNBA1970
|
| 020 |
|
|
|q (viazané)
|
| 035 |
|
|
|a SNK000245471
|
| 035 |
|
|
|a 2948A6DA-08AA-49FD-B493-2604B871732A
|
| 035 |
|
|
|a urn:nbn:sk:snk-am00icw9
|
| 040 |
|
|
|a SNK
|b slo
|c SNK
|e AACR2
|
| 041 |
0 |
|
|a slo
|b eng
|b fre
|b ger
|
| 043 |
|
|
|a e-xo---
|
| 044 |
|
|
|a xo
|c SK
|
| 072 |
|
7 |
|a 913(437)
|x Geografia Česka a Slovenska, reálie, cestovanie
|2 konspekt
|
| 072 |
|
7 |
|a 94(437)
|x Dejiny Československa
|2 konspekt
|
| 080 |
|
|
|a 911.375
|2 2011
|
| 080 |
|
|
|a (437.612)
|2 2011
|
| 080 |
|
|
|a (084.12)
|2 2011
|
| 080 |
|
|
|a 911.375(091)
|2 2011
|
| 100 |
1 |
|
|a Štubňa, Anton,
|d 1934-1996
|4 aut
|4 pht
|9 131661
|
| 245 |
1 |
0 |
|a Trnava
|c Anton Štubňa ; text Jozef Šimončič ; texty preložili: do nemčiny J. Lumtzer, do angličtiny K. Haltmar, do francúzštiny K. Ballová ; fotografie od G. Podhorského
|
| 250 |
|
|
|a 1. vyd.
|
| 260 |
|
|
|a Martin
|b Osveta
|c 1970
|
| 300 |
|
|
|a 160 strán
|b fotografie
|c 30 cm
|
| 366 |
|
|
|e 10000 kusov
|
| 490 |
1 |
|
|a Edícia obrazových publikácií
|
| 500 |
|
|
|a Ilustrované predsádky. Ilustrovaný titulný dvojlist
|
| 546 |
|
|
|a Anglické, francúzske a nemecké resumé
|
| 650 |
0 |
7 |
|a mestá
|2 SNKPH
|9 2929
|
| 650 |
0 |
7 |
|a dejiny miest
|2 SNKPH
|9 164833
|
| 651 |
|
7 |
|a Trnava (Slovensko)
|2 SNKPHgeo
|9 19407
|
| 655 |
|
7 |
|a fotografické publikácie
|2 SNKPH
|9 70483
|
| 700 |
1 |
|
|a Šimončič, Jozef,
|d 1928-2020
|4 aut
|9 101128
|
| 700 |
1 |
|
|a Lumtzer, Ján
|4 trl
|9 45407
|
| 700 |
1 |
|
|a Haltmar, K.
|4 trl
|9 398407
|
| 700 |
1 |
|
|a Ballová, Katarína,
|d 1921-2010
|4 trl
|9 199379
|
| 700 |
1 |
|
|a Podhorský, Gejza,
|d 1910-
|4 pht
|9 241563
|
| 830 |
|
0 |
|a Edícia obrazových publikácií
|9 280063
|
| 852 |
|
|
|a Slovenská národná knižnica
|
| 954 |
|
|
|a odborná, vedecká literatúra pôvodná (slovenská)
|2 lita
|
| 958 |
|
|
|a RK
|
| 958 |
|
|
|a TL
|
| 958 |
|
|
|a OND
|
| 958 |
|
|
|a EUIPO
|
| 999 |
|
|
|c 714862
|d 716792
|
| 952 |
|
|
|a SNK
|b SNK
|y PREZ
|7 0
|p 17A0932358
|o snkSC 25698
|i snkKSP 2526/70
|0 0
|1 0
|4 0
|d 2012-08-28
|f 1
|l 0
|r 2026-02-23 21:42:49
|w 2026-02-23
|
| 952 |
|
|
|t P60, <04>, [BOOK], {604}
|a SNK
|b SNK
|y VYP
|7 0
|p 17A0093811
|o snkSC 25698 D1
|0 0
|1 0
|4 0
|d 1997-07-08
|l 0
|r 2005-01-02 00:00:00
|w 2026-02-23
|